000 nam a22 7a 4500
999 _c126342
_d126342
008 170322b xxu||||| |||| 00| 0 eng d
050 _aRC263.J28
100 _aJames, Nicholas
_929558
245 _aCancer
_cNicholas, James
260 _aNew York
_bOxford unversity
_c2011
300 _a137p. ;
_c18cm.
440 _aA very short introduction
_919891
650 _aCancer
_929559
942 _2lcc
_cMONOGRAPH